| 000 | 00755nam a22001577a 4500 | ||
|---|---|---|---|
| 005 | 20260124091212.0 | ||
| 008 | 230718b ||||| |||| 00| 0 eng d | ||
| 040 |
_cSSBUL _dSSBUL |
||
| 082 |
_223 _a၈၀၈.၀၆၆ မြန် ၁၆၀၇၉ (S-SAT) |
||
| 245 | 0 | 0 | _aမြန်မာနိုင်ငံ ဝိဇ္ဇာနှင့်သိပ္ပံပညာရှင်အဖွဲ့ နှစ်ပတ်လည်အစီရင်ခံစာ (၁၆-၈-၂၀၀၀) မှ (၁၅-၈-၂၀၀၁)ထိ / |
| 260 | _c၂၀၀၁။ | ||
| 300 |
_a၉၂ စာမျက်နှာ၊ _c၂၃ စင်တီ။ |
||
| 500 | _aS-SAT: Dr. Prof Sai Aung Tun | ||
| 650 |
_aအစီရင်ခံစာ။ _927831 |
||
| 942 |
_2ddc _cBK1 |
||
| 999 |
_c27297 _d27297 |
||